| 000 | 00525nam a22001577a 4500 | ||
|---|---|---|---|
| 999 |
_c535820 _d535820 |
||
| 020 | _qHard Cover. | ||
| 082 | _a616.07 | ||
| 100 | _aSiddiqe, Humera | ||
| 245 |
_aCORRELATION OF IRON STATUS BETWEEN PREGNANT WOMEN AND THEIR CORRESPONDING NEWBONDS / _cHumera Siddiqe. |
||
| 260 |
_aIslamabad : _bAMC - NUST, _c2012. |
||
| 300 |
_axxii, 90 p. : ill. ; _c30cm. |
||
| 942 |
_2ddc _cTHE |
||
| 650 |
_aHematology M Phil. Thesis. _930058 |
||
| 700 |
_aMuhammad Ayub. _928487 |
||